000 00499nam a22001457a 4500
003 0
005 20221022095023.0
008 221022b xxu||||| |||| 00| 0 eng d
050 _aHD2755.5
_b.L37 2021
245 _aPony: predicting an object's next location using yolo
_cJulian Antonio S. Laspona
260 _aLas Pinas City, Philippines
_bSouthville International School and Colleges
_cC2021
300 _aviii,48pp.
_c28cm.
_fTheses
500 _aPredicting objects next location.
942 _2lcc
_cTH
999 _c364871
_d364871